00741nam a2200217 a 450000100100000000500170001000800410002704000250006808200190009310000210011224500900013326000500022330000280027350000220030153400630032365000270038665000300041365000250044365000200046870000350048800002296920200930021913.0101123s1973 mx a 001 0 spa d aDO-SdBNPbspacBNPHU a541.042bP615q1 aPierce, James B.10aQuímica de la materia /cJames B. Pierce ; traducción de Antonio Mijares Mijares. aMéxico :bHoughton Mifflin Company,cc1973. a818 p. :bil. ;c26 cm. aIncluye índice. pTítulo de la obra en inglés:tThe chemistry of matter. 4aSoluciones (química) 4aPropiedades de la materia 4aEstructura química 4aFisicoquímica1 aMijares Mijares, Antonio,etr.